| 000 | 00527nam a2200205 a 4500 | ||
|---|---|---|---|
| 003 | AR-BaBNM | ||
| 005 | 20251128204034.0 | ||
| 008 | 082120s2002 ||||||||||||||000 | spa|| | ||
| 040 | _cAR-BaBNM | ||
| 245 | 0 | 0 | _aCurso para inversores |
| 260 |
_aBuenos Aires _bBolsa de Comercio de Buenos Aires _c1960 |
||
| 300 | _a308 p. | ||
| 650 | 4 | _aSOCIEDADES COMERCIALES | |
| 650 | 4 | _aESTADOS DE CUENTAS | |
| 650 | 4 | _aINVERSION | |
| 650 | 4 | _aMERCADOS FINANCIEROS | |
| 650 | 4 | _aSISTEMAS ECONOMICOS | |
| 942 | _cBK | ||
| 998 | _cCARMEN | ||
| 999 |
_c5906 _d5906 |
||